Оборудование химических производств. Атлас конструкций: учебное пособие для вузов

Dades bibliogràfiques
Altres autors: Леонтьева А. И. Альбина Ивановна, Утробин Н. П. Николай Павлович, Брянкин К. В. Константин Вячеславович, Орехов В. С. Владимир Святославович
Sumari:В атласе рассмотрены конструкции машин и оборудования для химической промышленности, к которым относятся машины и ап­параты для осуществления гидромеханических, тепло-, массооб-менных и реакционных процессов. Содержит чертежи общего вида и наиболее характерных узлов типового оборудования. Даются классификация машин и аппаратов, а также описание их принципа действия. Атлас предназначен в качестве учебного пособия студентам высших учебных заведений, выполняющим курсовые и дипломные проекты по техническим и химико-технологическим специально­стям. Издание может быть также полезно инженерно-техническим и научным работникам, связанным с конструированием и проекти­рованием технологического оборудования для химической про­мышленности.
Idioma:rus
Publicat: Москва, КолосС, 2009
Col·lecció:Для высшей школы
Matèries:
Format: MixedMaterials Llibre
KOHA link:https://koha.lib.tpu.ru/cgi-bin/koha/opac-detail.pl?biblionumber=160675

MARC

LEADER 00000nam0a2200000 4500
001 160675
005 20231031155636.0
010 |a 9785953206549 
035 |a (RuTPU)RU\TPU\book\174256 
090 |a 160675 
100 |a 20090526d2009 m y0rusy50 ca 
101 0 |a rus 
102 |a RU 
105 |a a j 000zy 
200 1 |a Оборудование химических производств. Атлас конструкций  |e учебное пособие для вузов  |f А. И. Леонтьева, Н. П. Утробин, К. В. Брянкин, В. С. Орехов 
210 |a Москва  |c КолосС  |d 2009 
215 |a 176 с.  |c ил. 
225 1 |a Для высшей школы 
330 |a В атласе рассмотрены конструкции машин и оборудования для химической промышленности, к которым относятся машины и ап­параты для осуществления гидромеханических, тепло-, массооб-менных и реакционных процессов. Содержит чертежи общего вида и наиболее характерных узлов типового оборудования. Даются классификация машин и аппаратов, а также описание их принципа действия. Атлас предназначен в качестве учебного пособия студентам высших учебных заведений, выполняющим курсовые и дипломные проекты по техническим и химико-технологическим специально­стям. Издание может быть также полезно инженерно-техническим и научным работникам, связанным с конструированием и проекти­рованием технологического оборудования для химической про­мышленности. 
606 1 |a Химические заводы  |x Оборудование  |2 stltpush  |3 (RuTPU)RU\TPU\subj\31103 
610 1 |a химическая промышленность 
610 1 |a суспензии 
610 1 |a химическая технология 
610 1 |a фильтры 
610 1 |a центрифуги 
610 1 |a колонные аппараты 
610 1 |a кристаллизаторы 
610 1 |a теплообменные аппараты 
610 1 |a сушильные установки 
610 1 |a реакционные аппараты 
610 1 |a атласы 
610 1 |a учебные пособия 
675 |a 66.02(075.8)  |v 3 
701 1 |a Леонтьева  |b А. И.  |g Альбина Ивановна 
701 1 |a Утробин  |b Н. П.  |g Николай Павлович 
701 1 |a Брянкин  |b К. В.  |g Константин Вячеславович 
701 1 |a Орехов  |b В. С.  |g Владимир Святославович 
801 1 |a RU  |b 63413507  |c 20090526  |g PSBO 
801 2 |a RU  |b 63413507  |c 20220712  |g RCR 
900 |a Процессы и аппараты химической технологии 
900 |a Технологическое проектирование и типовое оборудование нефтехимических производств 
900 |a Химические реакторы 
942 |c BK 
959 |a 61/20090526  |d 7  |e 0  |f АНЛ:2  |f ЧЗТЛ:5